Normal view MARC view

Entry Personal Name

Number of records used in: 1

001 - CONTROL NUMBER

  • control field: 4617

003 - CONTROL NUMBER IDENTIFIER

  • control field: IMU CC

005 - DATE AND TIME OF LATEST TRANSACTION

  • control field: 20260307143709.0

008 - FIXED-LENGTH DATA ELEMENTS

  • fixed length control field: 260307|| aca||aabn | a|a d

040 ## - CATALOGING SOURCE

  • Description conventions: IMU CC

100 ## - HEADING--PERSONAL NAME

  • Personal name: Hypponen, Mikko

700 ## - ESTABLISHED HEADING LINKING ENTRY--PERSONAL NAME

  • Personal name: Hypponen, Mikko
Copyright © 2024. Central Library, Indian Maritime University, Chennai Campus
Koha version: 24.05.03